000 00679nam a22001817a 4500
005 20251108164102.0
008 250721s1987 xx 000 0 ara d
082 1 4 _a347.92/هشا
100 1 _aالطويل، هشام
245 1 0 _aشروط قبول الطعن بالنقض في المواد المدنية و التجارية و مواد الأحوال الشخصية في ضوء آراء الفقه و أحكام ...... /
264 1 _aالإسكندريه :
_bمنشأة المعارف،
_c1987.
300 _a486ص
490 0 _aالكتب القانونيه
650 1 7 _aالمرافعة
650 1 7 _aالقانون المدني
942 _2ddc
_cBK
999 _c3229
_d3229